| 000 | 00649cam a2200193 a 4500 | ||
|---|---|---|---|
| 001 | 000011899 | ||
| 005 | 20200929162617.0 | ||
| 008 | 080410s2000 nyua 001 0 spa d | ||
| 020 | _a0026412586 | ||
| 040 |
_aDO-SdBNP _bspa _cBNPHU |
||
| 082 |
_a468.2421 _bS355b |
||
| 100 | 1 |
_aSchmitt, Conrad J. _928139 |
|
| 245 | 1 | 1 |
_a¡Buen viaje! : _bGlencoe spanish 1B / _cConrad J. Schmitt, Protase E. Woodford. |
| 260 |
_aNew York : _bGlencoe/McGraw-Hill, _c2000. |
||
| 300 |
_axxii, R33, 514 p. : _bil. ; _c27 cm. |
||
| 650 | 4 |
_aEspañol _xEnseñanza _9406 |
|
| 650 | 4 |
_aEspañol _xGramática _xEnseñanza básica _919095 |
|
| 700 | 1 |
_aWoodford, Protase E. _928140 |
|
| 999 |
_c11569 _d11569 |
||